01347 a2200193 4500020002700000020003000027082001100057090001500068100002100083245010100104250001200205260004500217300002100262520063900283856008200922942002401004999001901028952010601047 a0761931856 (paperback) a9780761931850 (paperback)04a005.55 c4098d40981 aBoslaugh, Sarah.13aAn intermediate guide to spss programming :busing syntax for data management /cSarah Boslaugh. a1st ed. a[S.l.] :bSage Publications, Inc,c2004. a248 p. ;c23 cm. aAn Intermediate Guide to SPSS Programming: Using Syntax for Data Management introduces the major tasks of data management and presents solutions using SPSS syntax. This book fills an important gap in the education of many students and researchers, whose coursework has left them unprepared for the data management issues that confront them when they begin to do independent research. It also serves as an introduction to SPSS programming. All the basic features of SPSS syntax are illustrated, as are many intermediate and advanced topics such as using vectors and loops, reading complex data files, and using the SPSS macro language.403Amazon.comuhttp://www.amazon.com/exec/obidos/ASIN/0761931856/chopaconline-20 aNBScBKk005.55 BOS c346554d346554 00104070aCLbCLcOSd2013-08-28l1m2o005.55 BOSpNBS5812r2023-03-10s2017-07-19w2013-08-28yBK